000
00324nam a2200133Ia 4500
005
20251222140108.0
008
251222s1900||||xx |||||||||||||| ||spa||
020
_a
84-313-0753-6
082
_a
111.1/P59
100
_a
Pinto Cantista, Maria José
245
0
_a
Sentido y Ser en Merleau-Ponty
264
_b
EUNSA
942
_c
LIB
999
_c
4182
_d
4182